| 000 | 01077aam a2200397 4500 | ||
|---|---|---|---|
| 005 | 20250819195748.0 | ||
| 008 | 150413b2005 xxu||||| |||| 00| 0 spa d | ||
| 041 | _aESP | ||
| 082 | _a346.074 D246t | ||
| 100 |
_aDavalos Mejía, Carlos _933186 |
||
| 245 | _aTítulos y operaciones de crédito | ||
| 260 | _aMéxico | ||
| 260 | _bOxford | ||
| 260 | _c2005 | ||
| 300 | _a775 páginas | ||
| 490 | _aDirección y Administración de Empresas | ||
| 650 | _aDERECHO COMERCIAL | ||
| 650 | _aTÍTULOS DE CREDITO | ||
| 650 | _aTRANSACCIONES CON GARANTÍA | ||
| 650 | _aDERECHO MERCANTIL | ||
| 650 | _aCLASIFICACIÓN DE LOS TÍTULOS | ||
| 650 | _aHISTORIA | ||
| 650 | _aVENTAJAS DE LOS TÍTULOS | ||
| 650 | _aCRÉDITO | ||
| 650 | _aJUICIO DE CANCELACIÓN | ||
| 650 | _aCONTRATOS | ||
| 650 | _aTIPOS DE CONTRATOS | ||
| 650 | _aLETRA DE CAMBIOS | ||
| 650 | _aPAGARÉ | ||
| 650 | _aCHEQUE | ||
| 650 | _aCREDITO PRIVADO | ||
| 650 | _aCERTIFICADOS FIDUCIARIOS | ||
| 650 | _aCERTIFICADOS DE DEPÓSITO | ||
| 650 | _aDERECHO CAMBIARIO | ||
| 942 |
_cBK _2ddc |
||
| 999 |
_c4533 _d4533 |
||